| 000 | 00718nam a22002770a 4500 | ||
|---|---|---|---|
| 001 | PT145 | ||
| 003 | AR-LpoUNG | ||
| 005 | 20210131233508.0 | ||
| 008 | 191001s1994||||sp |||||||||||||||||spa d | ||
| 020 |
_a8425201268 _c$10 |
||
| 040 |
_aAR-LpoUNG _bspa _cAR-LpoUNG _eaacr |
||
| 041 | _aspa | ||
| 044 | _asp | ||
| 082 | 0 | _aR413 334 | |
| 100 | 1 | _aCasares, Julio | |
| 245 | 1 | 0 | _aDiccionario ideológico de la lengua española |
| 250 | _a2da. ed. | ||
| 260 |
_aBarcelona : _bGustavo Gili, _c1994. |
||
| 300 |
_a887 p. : _bgráfs. |
||
| 650 | 4 | _aLEXICOGRAFIA | |
| 650 | 4 | _aMATERIAL DE REFERENCIA | |
| 650 | 4 | _aTERMINOLOGIA | |
| 651 | 4 | _aDOCUMENTOS TEORICOS O METODOLOGICOS | |
| 905 | _a145 | ||
| 942 | _cLSALA | ||
| 999 |
_c20928 _d20928 |
||